|
|
|
|
| LEADER |
00000nas a2200000 a 4500 |
| 001 |
ssj0000671209 |
| 003 |
WaSeSS |
| 005 |
20200512172242.0 |
| 006 |
m d |
| 007 |
cr n |
| 008 |
110210c20099999bl uu p s 0 0por c |
| 010 |
|
|
|a 2012267029
|
| 022 |
|
|
|a 2176-0756
|l 2176-0756
|
| 035 |
|
|
|a (WaSeSS)ssj0000671209
|
| 040 |
|
|
|a AU@
|b eng
|c AU@
|d OCLCQ
|d DOS
|d SELUL
|d OCLCQ
|d CUS
|d OCLCF
|d OCLCO
|d OCLCQ
|d VT2
|d WaSeSS
|
| 042 |
|
|
|a pcc
|
| 050 |
|
4 |
|a HD30.28
|b .R475 online
|
| 210 |
0 |
|
|a Rev. Ibero-Am. Estratég.
|
| 222 |
|
0 |
|a Revista Ibero-Americana de Estratégia
|
| 245 |
0 |
0 |
|a Revista ibero-americana de estratégia
|h [electronic resource].
|
| 246 |
3 |
|
|a RIAE
|
| 246 |
3 |
1 |
|a Ibero American strategy journal
|
| 246 |
3 |
1 |
|a Revista de estratégia ibero-americana
|
| 260 |
|
|
|a [São Paulo] :
|b Universidade Nove de Julho
|
| 310 |
|
|
|a Three no. a year,
|b 2010-
|
| 321 |
|
|
|a Two no. a year,
|b 2006-2009
|
| 321 |
|
|
|a Annual,
|b 2002-2005
|
| 362 |
1 |
|
|a Began with v. 8, n.1 (2009).
|
| 506 |
|
|
|a License restrictions may limit access.
|
| 520 |
|
|
|a "Mission: To serve as a vehicle for dissemination of theoretical and applied research in the strategy area broadly defined to include that study of strategy across organizations, nations, markets, and in society in general."--English Focus and scope page.
|
| 546 |
|
|
|a Articles in Portuguese; abstracts, tables of contents, and keywords in English, Portuguese, and Spanish.
|
| 588 |
|
|
|a Description based on: V. 8, n.1 (janeiro/junho 2009); title from pdf editorial page (publisher website, viewed September 25, 2013).
|
| 588 |
|
|
|a Latest issue consulted: V. 12, n.1 (janeiro/março 2013) (publisher website, viewed September 25, 2013).
|
| 650 |
|
0 |
|a Strategic planning
|v Periodicals.
|
| 650 |
|
0 |
|a Management
|v Periodicals.
|
| 650 |
|
7 |
|a Management.
|2 fast
|0 (OCoLC)fst01007141
|
| 650 |
|
7 |
|a Strategic planning.
|2 fast
|0 (OCoLC)fst01134371
|
| 653 |
|
0 |
|a Strategy
|
| 655 |
|
0 |
|a Electronic journals.
|
| 710 |
2 |
|
|a Universidade Nove de Julho.
|
| 780 |
0 |
0 |
|t Revista Gerenciais
|x 1983-9316
|
| 856 |
4 |
0 |
|z Full text available from Research Library: 01/01/2002 to present
|u https://search.proquest.com/publication/616637
|